| 000 | 00959nac a22002291u 4500 | ||
|---|---|---|---|
| 008 | 090625t xxu||||| |||| 00| 0 eng d | ||
| 010 | _a95042037 | ||
| 020 | _a019856449X (hbk.) | ||
| 020 | _a0198564481 (pbk.) | ||
| 082 | 0 | 0 |
_a621.3192 _bHOW _220 |
| 100 |
_aHowatson, A. M. _96942 |
||
| 245 | 1 | 0 |
_aElectrical Circuits and Systems : _bAn Introduction for Engineers and Physical Scientists / _cA.M. Howatson. |
| 260 |
_aOxford ; _aNew York : _bOxford University Press, _cc1996. |
||
| 300 |
_axii, 440 p. : _bill. ; _c26 cm. |
||
| 440 | 0 |
_aTextbooks in electrical and electronic engineering ; _v5 _96943 |
|
| 500 | _aIncludes index. | ||
| 650 | 0 |
_aElectric circuits. _96944 |
|
| 650 | 0 |
_96945 _aElectronic circuits |
|
| 856 | 4 | 2 |
_3Publisher description _uhttp://www.loc.gov/catdir/enhancements/fy0639/95042037-d.html |
| 856 | 4 | 2 |
_3Table of contents only _uhttp://www.loc.gov/catdir/enhancements/fy0639/95042037-t.html |
| 942 |
_cBB _k621.3192 HOW _2ddc |
||
| 999 |
_c4061 _d4061 |
||